Central Library OPAC University of Rajshahi

পদ্মা সেতু / (Record no. 76276)

MARC details
000 -LEADER
fixed length control field 01119nam a2200265 4500
001 - CONTROL NUMBER
control field 76276
003 - CONTROL NUMBER IDENTIFIER
rucl marc code BD-RjUL
005 - DATE AND TIME OF LATEST TRANSACTION
control field 20211209082823.0
008 - FIXED-LENGTH DATA ELEMENTS--GENERAL INFORMATION
fixed length control field 191119s2019 bg ||||| |||| 00| 0 eng d
035 ## - SYSTEM CONTROL NUMBER
System control number (BD-RjUL)76497
040 ## - CATALOGING SOURCE
Original cataloging agency BD-RjUL
Language of cataloging eng
Transcribing agency BD-RjUL
041 ## - LANGUAGE CODE
Language code of text/sound track or separate title eng
082 ## - DEWEY DECIMAL CLASSIFICATION NUMBER
Edition number 23
Classification number 338.91095492
Author mark and year REP 2019
100 ## - MAIN ENTRY--PERSONAL NAME
Personal name রেজা, মাহবুব
9 (RLIN) 235107
245 10 - TITLE STATEMENT
Title পদ্মা সেতু /
Statement of responsibility, etc. মাহবুব রেজা
260 ## - PUBLICATION, DISTRIBUTION, ETC. (IMPRINT)
Place of publication, distribution, etc. ঢাকা :
Name of publisher, distributor, etc. হাওলাদার প্রকাশনী,
Date of publication, distribution, etc. ২০১৯
300 ## - PHYSICAL DESCRIPTION
Pagination ২৮৮ পৃ.:
Illustrations চিত্রসমূহ;
Size ২৩ সেমি.
650 ## - SUBJECT ADDED ENTRY--TOPICAL TERM
Topical term or geographic name as entry element প্রযুক্তিগত সহায়তা
9 (RLIN) 235108
Topical term or geographic name as entry element অর্থনৈতিক সহায়তা
9 (RLIN) 235109
Topical term or geographic name as entry element পদ্মা বহুমুখী সেতু ডিজাইন প্রকল্প (বাংলাদেশ)
9 (RLIN) 235110
Topical term or geographic name as entry element Technical assistance
9 (RLIN) 235111
Topical term or geographic name as entry element Economic assistance
9 (RLIN) 235112
Topical term or geographic name as entry element Padma Multipurpose Bridge Design Project (Bangladesh)
9 (RLIN) 235113
942 ## - ADDED ENTRY ELEMENTS (KOHA)
Source of classification or shelving scheme Dewey Decimal Classification
Koha item type Books
Holdings
Lost status Source of classification or shelving scheme Damaged status Not for loan Collection code Permanent Location Current Location Shelving location Date acquired Source of acquisition Cost, normal purchase price Total Checkouts Full call number Date last seen Copy number Koha item type
  Dewey Decimal Classification   Not For Loan Non-fiction Central Library, University of Rajshahi Central Library, University of Rajshahi Reading Room 30/09/2019 Author 500.00   B 338.91095492 REP 2019 19/11/2019 C-1 Books